Подробности
| 000 -МАРКЕР |
| контрольное поле |
03490nam0a2200373 4500 |
| 001 - ИДЕНТИФИКАТОР ЗАПИСИ |
| контрольное поле |
RU\NLR\BIBL_A\016221751 |
| 005 - ИДЕНТИФИКАТОР ВЕРСИИ |
| контрольное поле |
20230201095416.0 |
| 010 ## - МЕЖДУНАРОДНЫЙ СТАНДАРТНЫЙ НОМЕР КНИГИ (ISBN) |
| Номер (ISBN) |
978-5-6048282-5-0 |
| Тираж |
50 |
| 021 ## - НОМЕР ГОСУДАРСТВЕННОЙ РЕГИСТРАЦИИ |
| Код страны |
Российская Федерация |
| Номер |
КН-П-22-074955 |
| Номер Листа государственной регистраци |
КН-П-22-6535 |
| 035 ## - ДРУГИЕ СИСТЕМНЫЕ НОМЕРА |
| Идентификатор записи |
(NLR Aleph) 016221751 |
| 035 ## - ДРУГИЕ СИСТЕМНЫЕ НОМЕРА |
| Идентификатор записи |
(RuMoRGB)011315888 |
| 100 ## - ДАННЫЕ ОБЩЕЙ ОБРАБОТКИ |
| Данные общей обработки |
20221129d2022 u y0rusy50 ca |
| 101 0# - ЯЗЫК РЕСУРСА |
| Язык текста, звукозаписи и т.д. |
русский |
| 102 ## - СТРАНА ПУБЛИКАЦИИ ИЛИ ПРОИЗВОДСТВА |
| Страна публикации |
Российская Федерация |
| 105 ## - ПОЛЕ КОДИРОВАННЫХ ДАННЫХ: ТЕКСТОВЫЕ МАТЕРИАЛЫ, МОНОГРАФИЧЕСКИЕ |
| Кодированные данные о монографическом текстовом документе |
a z 000zy |
| 181 #1 - ПОЛЕ КОДИРОВАННЫХ ДАННЫХ: ВИД СОДЕРЖАНИЯ |
| Код вида содержания (ISBD) |
i |
| Код характеристики содержания (ISBD) |
e |
| 182 #1 - ПОЛЕ КОДИРОВАННЫХ ДАННЫХ: ТИП СРЕДСТВА |
| Код типа средства (ISBD) |
n - непосредственное |
| 200 1# - ЗАГЛАВИЕ И СВЕДЕНИЯ ОБ ОТВЕТСТВЕННОСТИ |
| Основное заглавие |
Издательская деятельность как фактор повышения профессиональной компетенции студентов на примере выпуска книг |
| Сведения, относящиеся к заглавию |
предмет "Основы издательского дела" |
| -- |
период с 2012 по 2022 годы |
| Первые сведения об ответственности |
Овчинникова Тамара Валентиновна |
| Последующие сведения об ответственности |
Северный (Арктический) федеральный университет имени М. В. Ломоносова, Высшая школа социально-гуманитарных наук и международной коммуникации, Кафедра журналистики, рекламы и связей с общественностью, Добровольное культурно-просветительское общество "Норд" |
| 203 ## - ВИД СОДЕРЖАНИЯ И ТИП СРЕДСТВА |
| Вид содержания |
Текст |
| Дополнительные сведения об издании |
визуальный |
| Тип средства |
непосредственный |
| 210 ## - ПУБЛИКАЦИЯ, РАСПРОСТРАНЕНИЕ И ДР. |
| Место издания, распространения и т.д. |
Архангельск |
| Имя издателя, распространителя и т. д. |
Лоция |
| Дата издания, распространения и т.д. |
2022 |
| 215 ## - ФИЗИЧЕСКАЯ ХАРАКТЕРИСТИКА |
| Специфическое обозначение материала и объем |
23 с. |
| Другие сведения о физической характеристике |
цв. ил. |
| Размеры |
21 |
| 330 ## - РЕЗЮМЕ ИЛИ РЕФЕРАТ |
| Текст примечания |
На кафедре журналистики, рекламы и связей с общественностью Высшей школы социально-гуманитарных наук и международной коммуникации (ВШСГНиМК) Северного (Арктического) федерального университета имени М. В. Ломоносова старшим преподавателем Тамарой Валентиновной Овчинниковой (член Союза журналистов РФ, главный редактор издательства "Лоция") разработан курс "Основы книгоиздательского дела". После теоретического курса на практике студенты выпускают книжные печатные издания, выступая и как журналисты-авторы, и как издатели. За 10-летний период с 2012 по 2022 годы выпущено 10 книжных изданий, в т.ч. серия печатных изданий "Очерки о людях, внесших значительный вклад в историю и развитие Архангельской области" в соответствии со всеми издательскими стандартами |
| 333 ## - ПРИМЕЧАНИЯ ОБ ОСОБЕННОСТЯХ РАСПРОСТРАНЕНИЯ И ИСПОЛЬЗОВАНИЯ |
| Текст примечания |
16+ |
| 606 1# - НАИМЕНОВАНИЕ ТЕМЫ КАК ПРЕДМЕТ |
| Наименование темы |
Издательское дело |
| Тематический подзаголовок |
Теория и практика |
| Системный номер авторитетной/нормативной записи |
2095008 |
| Идентификатор авторитетной/нормативной записи |
RU\NLR\AUTH\661267669 |
| 606 1# - НАИМЕНОВАНИЕ ТЕМЫ КАК ПРЕДМЕТ |
| Наименование темы |
Издательское дело |
| Тематический подзаголовок |
Преподавание |
| -- |
Высшая школа |
| Системный номер авторитетной/нормативной записи |
2538853 |
| Идентификатор авторитетной/нормативной записи |
RU\NLR\AUTH\6601716787 |
| 675 ## - УНИВЕРСАЛЬНАЯ ДЕСЯТИЧНАЯ КЛАССИФИКАЦИЯ (UDC/УДК) |
| Индекс |
378.016:655.1/.4 |
| Издание |
4 |
| 686 1# - ИНДЕКСЫ ДРУГИХ КЛАССИФИКАЦИЙ |
| Индекс |
Ч617.1 |
| 686 1# - ИНДЕКСЫ ДРУГИХ КЛАССИФИКАЦИЙ |
| Индекс |
Ч488.757.36 |
| 700 #1 - ИМЯ ЛИЦА - ПЕРВИЧНАЯ ОТВЕТСТВЕННОСТЬ |
| Начальный элемент ввода |
Овчинникова |
| Часть имени, кроме начального элемента ввода |
Т. В. |
| Расширение инициалов личного имени |
Тамара Валентиновна |
| 942 ## - ДОПОЛНИТЕЛЬНЫЕ ЭЛЕМЕНТЫ ЗАПИСИ (АБИС) |
| Тип экземпляра АБИС |
Книга |
| 980 ## - КОЛЛЕКЦИЯ |
| Название коллекции |
Национальная библиография |